Analýza účtovnej závierky doplňujúci učebný text
Na minha lista:
| Autor principal: | |
|---|---|
| Autor Corporativo: | |
| Outros Autores: | , |
| Formato: | Livro |
| Idioma: | eslovaco |
| Publicado em: |
Bratislava
Vydavateľstvo EKONÓM
2016
|
| Edição: | 1. vyd. |
| Assuntos: | |
| Tags: |
Sem tags, seja o primeiro a adicionar uma tag!
|
MARC
| LEADER | 00000nam a2200000 4500 | ||
|---|---|---|---|
| 001 | 0213529 | ||
| 005 | 20240502073548.9 | ||
| 020 | |a 978-80-225-4222-7 | ||
| 041 | 0 | |a slo | |
| 044 | |a SK | ||
| 245 | 1 | 0 | |a Analýza účtovnej závierky |b doplňujúci učebný text |c Anna Šlosárová ; recenzenti: Božena Soukupová, Miloš Sklenka |
| 250 | |a 1. vyd. | ||
| 264 | 1 | |a Bratislava |b Vydavateľstvo EKONÓM |c 2016 | |
| 300 | |a 134 s. [6,17 AH] | ||
| 610 | 2 | 0 | |a závierka účtovná |
| 610 | 2 | 0 | |a politika bilančná |
| 610 | 2 | 0 | |a analýza finančná |
| 610 | 2 | 0 | |a uzávierka účtovná |
| 610 | 2 | 0 | |a úpravy právne |
| 610 | 2 | 0 | |a súvaha |
| 610 | 2 | 0 | |a výkaz ziskov a strát |
| 100 | 1 | |a Šlosárová, Anna | |
| 700 | 1 | |a Soukupová, Božena | |
| 700 | 1 | |a Sklenka, Miloš | |
| 710 | 2 | |a Ekonomická univerzita v Bratislave. Fakulta hospodárskej informatiky | |